Devinez le Département Mystère #86 - Statistiques

Statistiques générales
  • Ce quiz a été pris 142 fois
  • Le résultat moyen est 26 sur 35
Statistiques - réponses
Type de Réponse Réponse % Correct
Lettre Trouvée E
100%
Lettre Trouvée O
99%
Lettre de l'Alphabet R
99%
Lettre Trouvée I
98%
Lettre Trouvée L
98%
Lettre Trouvée A
97%
Lettre Trouvée S
97%
Lettre de l'Alphabet N
96%
Lettre Trouvée D
94%
Lettre de l'Alphabet T
94%
Lettre de l'Alphabet C
91%
Lettre de l'Alphabet U
91%
Lettre de l'Alphabet M
89%
Lettre de l'Alphabet H
88%
Lettre de l'Alphabet Y
79%
Lettre de l'Alphabet P
78%
Lettre Trouvée V
78%
Lettre de l'Alphabet G
76%
Lettre de l'Alphabet B
75%
Lettre de l'Alphabet F
61%
Lettre de l'Alphabet X
55%
Lettre de l'Alphabet J
54%
Lettre de l'Alphabet Q
54%
Lettre de l'Alphabet Z
54%
Lettre Bien Placée A
51%
Lettre Bien Placée D
51%
Lettre Bien Placée E
51%
Lettre Bien Placée I
51%
Lettre de l'Alphabet K
51%
Lettre Bien Placée L
51%
Lettre Bien Placée O
51%
Lettre Bien Placée S
51%
Lettre Bien Placée V
51%
Département Mystère Val-d'Oise
51%
Lettre de l'Alphabet W
51%
Aucun quiz correspondant
Distribution des résultats
% des personnes avec chaque résultat
Percentile par nombre de réponses
Votre historique - résultats
Vous n’avez pas pris ce quiz